000 00787nam a22002890a 4500
001 PT42603
003 AR-LpoUNG
005 20210131230930.0
008 191001s2009||||ag |||||||||||||||||spa d
020 _a9789502316901
_c$6.50
040 _aAR-LpoUNG
_bspa
_cAR-LpoUNG
_eaacr
041 _aspa
044 _aag
082 0 _a410 777tem
100 1 _aMontemayor-Borsinger, Ann
245 1 0 _aTema :
_buna perspectiva funcional de la organización del discurso
250 _a1ra. ed.
260 _aBuenos Aires :
_bEudeba,
_c2009.
300 _a143 p. :
_btlbs.
650 4 _aDISCURSOS
650 4 _aLINGÜISTICA
651 4 _aDOCUMENTOS TEORICOS O METODOLOGICOS
653 _aACTIVIDADES DISCURSIVAS
653 _aANALISIS DEL DISCURSO
905 _a42603
942 _cLIB
999 _c6967
_d6967